000 00388nam a22001697a 4500
003 MACL
005 20151223131108.0
008 151223b xxu||||| |||| 00| 0 eng d
040 _cMACL
041 _aEnglish
082 _a823/NAG
100 _aS. Nagarajan
_922335
245 _aVaadivasal
260 _aNew Delhi
_bSahitya Akademi
_c2008
650 _aStory
_922336
942 _2ddc
_cBK
999 _c51620
_d51620